=LDR 00000nam 2200000 4500 =001 INLIS000000000048777 =005 20170109102649.0 =006 =007 =008 =020 ##$$a 978-602-391-057-1 =035 ##$$0010-011700000000058 =040 ##$$a NBPDMAT =082 ##$$a 613 =090 ##$$a 613 $b Rom s =100 ##$$a Romy Aditya =245 ##$$a Sehat tanpa dokter / $c Romy Aditya ; editor Gagrielle malik IV =260 ##$$a Yogyakarta : $b Flashbook, $c 2016 =300 ##$$a 152 hlm . : $b ilus . ; $c 20 cm =500 ##$$a bibliografi : hlm. hlm 147-150 $a Biografi : hlm 151-152 =650 ##$$a Kesehatan =700 ##$$a Gabrielle Malik IV